Music Quiz

Random Music or Song Quiz

K-Pop Songs 2011 - 2014 (3) Quiz Stats

 Plays Quiz not verified by Sporcle

Challenge
Share
Tweet
Embed
Score 0/20 Timer 10:00
0 Plays Today
Hint Answer % Correct
1.12 - 1.24N.O
90.3%
0.52 - 1.12Growl
88.9%
2.35 - 2. 49Fantastic Baby
88.9%
0.36 - 0.52No Mercy
86.1%
2.58 - 3.09Girls Girls Girls
86.1%
2.49 - 2.58Lucifer
84.7%
3.35 - 3.52Heaven
83.3%
3.52 - 4.08Catch Me
83.3%
3.19 - 3.35Rum Pum Pum Pum
80.6%
4.08 - 4.23Rose
77.8%
Hint Answer % Correct
4.23 - 4.39I Love You
77.8%
0.00 - 0.12Flashback
76.4%
0.25 - 0.36Hello
65.3%
2.05 - 2.21So Cool
62.5%
1.38 - 1.48Dancing Queen
61.1%
2.21 - 2.35Touch
59.7%
1.24 - 1.38Second Confession
55.6%
0.12 - 0.25All Day Think Of You
51.4%
3.09 - 3.19Caffeine
50%
1.48 - 2.05Talk That
47.2%

You're not logged in!

Compare scores with friends on all Sporcle quizzes.
Join for Free
OR
Log In

You Might Also Like...

Show Comments

Extras

Created Apr 7, 2014SourceReportNominate
Tags:Song Quiz, k-pop

Top Quizzes Today


Score Distribution

Your Account Isn't Verified!

In order to create a playlist on Sporcle, you need to verify the email address you used during registration. Go to your Sporcle Settings to finish the process.

Report this User

Report this user for behavior that violates our Community Guidelines.

Details: